[Event "Concordia op 6th"]
[Site "Concordia"]
[Date "2022.10.15"]
[Round "7"]
[White "Manfroi, Alexander Giannini1"]
[Black "Bittencourt, Arian G Decezare"]
[Result "1-0"]
[WhiteElo "1728"]
[BlackElo "1460"]
[PlyCount "25"]
[EventDate "2022.10.12"]
[EventType "swiss"]
[EventRounds "9"]
[EventCountry "BRA"]
[SourceTitle "CBM 210 Extra"]
[Source "ChessBase"]
[SourceDate "2022.11.30"]
[SourceVersion "1"]
[SourceVersionDate "2022.11.30"]
[SourceQuality "1"]

1. d4 d5 2. Bf4 Nf6 3. e3 e6 4. Nf3 Nbd7 5. Nbd2 c6 6. Bd3 Bb4 7. c3 Ba5 8. Ne5 Bc7 9. Qf3 0-0 10. Qh3 h6 11. 0-0 Nh7 12. Ndf3 f6 13. Qxe6+ 1-0

[Event "Concordia op 6th"]
[Site "Concordia"]
[Date "2022.10.14"]
[Round "5"]
[White "Spieker, Otavio Schmidt"]
[Black "Bittencourt, Arian G Decezare"]
[Result "0-1"]
[WhiteElo "1205"]
[BlackElo "1460"]
[PlyCount "126"]
[EventDate "2022.10.12"]
[EventType "swiss"]
[EventRounds "9"]
[EventCountry "BRA"]
[SourceTitle "CBM 210 Extra"]
[Source "ChessBase"]
[SourceDate "2022.11.30"]
[SourceVersion "1"]
[SourceVersionDate "2022.11.30"]
[SourceQuality "1"]

1. e4 e5 2. Nf3 Nc6 3. Nc3 Nf6 4. d4 exd4 5. Nxd4 Bb4 6. Nxc6 dxc6 7. Qxd8+ Kxd8 8. Bd3 Be6 9. Bd2 Kd7 10. a3 Ba5 11. 0-0 Rad8 12. Rad1 Kc8 13. h3 Rhg8 14. Be3 g5 15. g4 h5 16. f3 Bb6 17. Bxb6 cxb6 18. Rfe1 Nd7 19. e5 hxg4 20. hxg4 Rh8 21. Ne4 Nxe5 22. Nxg5 Nxd3 23. Rxd3 Bd5 24. Ne4 Rh3 25. Red1 Rdh8 26. R1d2 b5 27. Nd6+ Kb8 28. Ne4 Kc7 29. Ng5 Rh1+ 30. Kg2 Kb6 31. b4 f5 32. Kg3 fxg4 33. fxg4 Rg1+ 34. Kf2 Rxg4 35. Nf3 Rf8 36. Re3 a5 37. Rdd3 axb4 38. axb4 Rxb4 39. Ke1 Re4 40. Nd2 Rg4 41. Kd1 Rg1+ 42. Re1 Rg2 43. Re2 Rxe2 44. Kxe2 Rh8 45. Re3 Rh2+ 46. Kd1 Bf7 47. Kc1 Bg6 48. Rg3 Bh7 49. Rg7 b4 50. Rg5 c5 51. Rg4 Kb5 52. Rf4 c4 53. Rxc4 Rxd2 54. Rxb4+ Kxb4 55. Kxd2 Kc4 56. Kc1 Kc3 57. Kb1 Bxc2+ 58. Ka2 b5 59. Ka3 b4+ 60. Ka2 b3+ 61. Ka3 b2 62. Ka2 b1Q+ 63. Ka3 Qb3# 0-1

[Event "Pan American-ch Hybrid U14 31st"]
[Site "Tornelo INT"]
[Date "2021.09.04"]
[Round "5"]
[White "Bittencourt, Arian G Decezare"]
[Black "Gillette, James"]
[Result "1-0"]
[WhiteElo "1301"]
[BlackElo "1039"]
[PlyCount "135"]
[EventDate "2021.09.04"]
[EventType "swiss"]
[EventRounds "9"]
[EventCountry "NET"]
[SourceTitle "EXT 2023"]
[Source "ChessBase"]
[SourceDate "2022.10.05"]
[SourceVersion "1"]
[SourceVersionDate "2022.10.05"]
[SourceQuality "1"]

1. e4 e5 2. Nf3 Nc6 3. Bc4 Bc5 4. d3 h6 5. Be3 Bb6 6. c3 d6 7. Nbd2 Nf6 8. Nf1 0-0 9. Ng3 Ng4 10. Bxb6 axb6 11. 0-0 Be6 12. Bb3 Bxb3 13. Qxb3 Ne7 14. h3 Nf6 15. Rfe1 Ng6 16. Rad1 Nf4 17. d4 Re8 18. dxe5 Qe7 19. exf6 Qxf6 20. Qb5 c6 21. Qf5 Qxf5 22. Nxf5 d5 23. exd5 Rf8 24. dxc6 bxc6 25. a3 c5 26. Ne5 b5 27. Nd7 Rfe8 28. Nxh6+ Kh7 29. Nxf7 Ne2+ 30. Kf1 Nf4 31. Rxe8 Rxe8 32. Nxc5 Kg6 33. Nd6 Rd8 34. Rd4 Nh5 35. Nxb5 Re8 36. Rg4+ Kh6 37. Nd6 Rf8 38. Ne6 Rf6 39. Nxg7 Nxg7 40. Ne4 Re6 41. Rh4+ Kg6 42. Rg4+ Kh6 43. Ng5 Rf6 44. Nf3 Nh5 45. c4 Ng7 46. c5 Nh5 47. Rc4 Rc6 48. Nd4 Rc8 49. c6 Nf6 50. Nf5+ Kg6 51. Ne7+ Kf7 52. Nxc8 Ke6 53. Nb6 Ne8 54. c7 Nxc7 55. Rxc7 Kd6 56. Rc4 Ke5 57. a4 Kd6 58. a5 Ke5 59. a6 Kd6 60. a7 Ke5 61. a8Q Kd6 62. Qd5+ Ke7 63. Re4+ Kf6 64. Nd7+ Kg6 65. Rg4+ Kh6 66. Qe6+ Kh7 67. Nf8+ Kh8 68. Rg8# 1-0

[Event "Concordia op 5th"]
[Site "Concordia"]
[Date "2019.05.01"]
[Round "2"]
[White "Lazzarin, Luiz Henrique"]
[Black "Bittencourt, Arian G Decezare"]
[Result "1-0"]
[WhiteElo "1556"]
[BlackElo "1102"]
[PlyCount "93"]
[EventDate "2019.05.01"]
[EventType "swiss"]
[EventRounds "9"]
[EventCountry "BRA"]
[SourceTitle "CBM 190 Extra"]
[Source "ChessBase"]
[SourceDate "2019.07.15"]
[SourceVersion "1"]
[SourceVersionDate "2019.07.15"]
[SourceQuality "1"]

1. d4 Nf6 2. c4 d5 3. Nc3 e6 4. Bg5 h6 5. Bh4 Nc6 6. cxd5 exd5 7. e3 Bg4 8. Qb3 Bb4 9. Bb5 Qd6 10. Bg3 Qe7 11. a3 Bxc3+ 12. Qxc3 Qd7 13. Bxc6 bxc6 14. Rc1 0-0 15. Qxc6 Qf5 16. Qxc7 Qh5 17. h3 Bf5 18. Qe7 Bg4 19. Qc7 Rfe8 20. Bh2 Bf5 21. Qc6 Bd3 22. g4 Qh4 23. Bg3 Qg5 24. Be5 Rab8 25. b4 Re6 26. Qc7 Rbe8 27. Ne2 Qh4 28. Bg3 Qg5 29. f4 Qg6 30. f5 Bxf5 31. gxf5 Qxf5 32. Qf4 Qh5 33. Qh4 Rxe3 34. Qxh5 Nxh5 35. Be5 f6 36. Kd2 Re4 37. Ng3 Nxg3 38. Bxg3 Rxd4+ 39. Kc3 Rde4 40. Rcd1 Re3+ 41. Rd3 d4+ 42. Kxd4 R8e4+ 43. Kc3 f5 44. Rf1 g6 45. Bf4 Re2 46. Bxh6 Ra2 47. Kb3 1-0

[Event "BRA-ch U12"]
[Site "Florianopolis"]
[Date "2019.04.18"]
[Round "1"]
[White "Bittencourt, Arian G Decezare"]
[Black "Haraguchi, Diego Sashaki"]
[Result "0-1"]
[WhiteElo "1800"]
[BlackElo "1472"]
[PlyCount "45"]
[EventDate "2019.04.18"]
[EventType "swiss"]
[EventRounds "6"]
[EventCountry "BRA"]
[SourceTitle "CBM 190 Extra"]
[Source "ChessBase"]
[SourceDate "2019.07.15"]
[SourceVersion "1"]
[SourceVersionDate "2019.07.15"]
[SourceQuality "1"]

1. d4 Nf6 2. c4 g6 3. Nc3 d5 4. Nf3 Bg7 5. e3 0-0 6. Bd2 c5 7. Be2 Nc6 8. 0-0 Bg4 9. h3 cxd4 10. Nxd4 Bxe2 11. Qxe2 Ne5 12. b3 dxc4 13. bxc4 Rc8 14. Rab1 b6 15. Ncb5 a6 16. Na3 Nc6 17. Nac2 Ne4 18. Rfd1 Qc7 19. Bc1 Nc3 20. Qd3 Nxb1 21. Bb2 Ne5 22. Qe4 Nd2 23. Qh4 0-1